[Event "26PCR_F"]
[Site "?"]
[Date "2012.10.29"]
[Round "?"]
[White "Fejfar, Vlastimil"]
[Black "Smolka, Jan"]
[Result "0-1"]
[WhiteElo "2168"]
[BlackElo "2137"]
[PlyCount "100"]
[EventDate "2012.??.??"]
[EventType "corr"]
[EventRounds "2"]
[SourceDate "2010.08.23"]

1. b3 e5 2. Bb2 Nc6 3. c4 Nf6 4. e3 d5 5. cxd5 Nxd5 6. a3 Bd6 7. Qc2 O-O 8. Nf3
Qe7 9. d3 f5 10. Nbd2 Bd7 11. Be2 Rae8 12. Nc4 b5 13. Nxd6 cxd6 14. O-O Rc8 15.
Qd2 Be6 16. Rfc1 a6 17. Rc2 Rc7 18. Rac1 Rfc8 19. e4 Nf6 20. exf5 Bxb3 21. Rc3
Bd5 22. R3c2 Qd7 23. Nh4 Bb3 24. Rc3 Nd4 25. Rxc7 Nxe2+ 26. Qxe2 Rxc7 27. h3
Kf8 28. Kh2 Rxc1 29. Bxc1 Bd5 30. Bd2 Qd8 31. g4 Qc7 32. g5 Nd7 33. f6 g6 34.
Qe3 Kf7 35. d4 Qc4 36. Bc3 a5 37. Bxa5 Qxd4 38. Kg3 Qc4 39. Nf3 Qf1 40. Kh2 Qd1
41. Ng1 Bc6 42. Bb4 Qd5 43. f3 Qe6 44. h4 d5 45. Qd3 d4 46. Kg3 Nb6 47. h5 Nc4
48. Nh3 Ne3 49. Nf2 Qa2 50. Be1 Qb2 0-1

[Event "26PCR_F"]
[Site "?"]
[Date "2012.10.29"]
[Round "?"]
[White "Chvojka, Jaroslav"]
[Black "Goc, Pavel"]
[Result "1/2-1/2"]
[WhiteElo "2178"]
[BlackElo "2118"]
[PlyCount "76"]
[EventDate "2012.??.??"]
[EventType "corr"]
[EventRounds "2"]
[SourceDate "2010.08.23"]

1. d4 Nf6 2. c4 e6 3. Nc3 Bb4 4. Nf3 b6 5. Bd2 O-O 6. e3 Bb7 7. Qc2 Bxc3 8.
Bxc3 Ne4 9. Bd3 f5 10. h4 d6 11. Bxe4 Bxe4 12. Qe2 Qe7 13. h5 Nd7 14. h6 g6 15.
Kf1 Nf6 16. Kg1 Bb7 17. Rc1 Ne4 18. Nd2 Nxc3 19. Rxc3 c5 20. Rh3 e5 21. d5 b5
22. e4 b4 23. Rc1 f4 24. Ra1 a5 25. a4 Kh8 26. g4 fxg3 27. fxg3 Rf7 28. Kg2
Raf8 29. Rhh1 Qg5 30. Raf1 Rxf1 31. Nxf1 Bc8 32. Qd2 Qg4 33. Qd3 g5 34. Nd2 Rf4
35. b3 Kg8 36. Qe3 Kf7 37. Kh2 Rf6 38. Kg2 Kg6 1/2-1/2

[Event "26PCR_F"]
[Site "?"]
[Date "2012.10.29"]
[Round "?"]
[White "Goc, Pavel"]
[Black "Fejfar, Vlastimil"]
[Result "0-1"]
[WhiteElo "2118"]
[BlackElo "2168"]
[PlyCount "72"]
[EventDate "2012.??.??"]
[EventType "corr"]
[EventRounds "2"]
[SourceDate "2010.08.23"]

1. d4 Nf6 2. Nf3 d5 3. e3 e6 4. Bd3 Nbd7 5. Nbd2 c5 6. c3 Bd6 7. O-O O-O 8. Re1
Qc7 9. e4 cxd4 10. cxd4 dxe4 11. Nxe4 Nd5 12. Bd2 Qb6 13. Nxd6 Qxd6 14. Ne5
N7f6 15. Nc4 Qe7 16. Bg5 Bd7 17. Qf3 Bb5 18. Qh3 h6 19. Bxh6 Bxc4 20. Bxg7 Kxg7
21. Qg3+ Kh6 22. Bxc4 Rg8 23. Qh3+ Kg7 24. Re5 Qb4 25. Rg5+ Kf8 26. Rxg8+ Kxg8
27. Qg3+ Kf8 28. b3 Rd8 29. Qg5 Ke7 30. h4 Qc3 31. Rd1 Rg8 32. Qc1 Qf3 33. Bf1
Ne4 34. Qc2 Nxf2 35. Re1 Nh3+ 36. Kh1 Qg3 0-1

[Event "26PCR_F"]
[Site "?"]
[Date "2012.10.29"]
[Round "?"]
[White "Smolka, Jan"]
[Black "Stepan, Josef"]
[Result "1-0"]
[WhiteElo "2137"]
[BlackElo "1871"]
[PlyCount "41"]
[EventDate "2012.??.??"]
[EventType "corr"]
[EventRounds "2"]
[SourceDate "2010.08.23"]

1. d4 d5 2. Nf3 Nf6 3. e3 e6 4. Bd3 c5 5. c3 Nc6 6. Nbd2 Bd6 7. O-O O-O 8. dxc5
Bxc5 9. e4 Bd6 10. Qe2 Qc7 11. Re1 Ng4 12. h3 Nge5 13. Nxe5 Nxe5 14. exd5 exd5
15. Nf3 Nxd3 16. Qxd3 Qc6 17. Be3 Be6 18. Ng5 g6 19. Qd4 Qc4 20. Qf6 Bc5 21. b3
1-0

[Event "26PCR_F"]
[Site "?"]
[Date "2012.10.29"]
[Round "?"]
[White "Postl, Rostislav"]
[Black "Pavlicek, Miroslav"]
[Result "1/2-1/2"]
[WhiteElo "2277"]
[BlackElo "2272"]
[PlyCount "62"]
[EventDate "2012.??.??"]
[EventType "corr"]
[EventRounds "2"]
[SourceDate "2010.08.23"]

1. d4 d5 2. c4 c6 3. Nf3 Nf6 4. Nc3 e6 5. Bg5 dxc4 6. e4 b5 7. e5 h6 8. Bh4 g5
9. Nxg5 hxg5 10. Bxg5 Nbd7 11. exf6 Bb7 12. Qe2 Qa5 13. Bd2 Qc7 14. h4 Nxf6 15.
Qe5 Qxe5+ 16. dxe5 Ng4 17. Ne4 c5 18. Nd6+ Bxd6 19. exd6 Kd7 20. h5 Ne5 21. f3
Nc6 22. a4 Nd4 23. Kf2 Nb3 24. Rd1 Nxd2 25. Rxd2 a6 26. g4 Bd5 27. Be2 Kxd6 28.
f4 Ke7 29. Ra1 Rhb8 30. a5 Rg8 31. Kg3 Rgd8 1/2-1/2

[Event "26PCR_F"]
[Site "?"]
[Date "2012.10.29"]
[Round "?"]
[White "Urban, Milos"]
[Black "Slavik, Miroslav"]
[Result "1-0"]
[WhiteElo "2158"]
[BlackElo "2222"]
[PlyCount "85"]
[EventDate "2012.??.??"]
[EventType "corr"]
[EventRounds "2"]
[SourceDate "2010.08.23"]

1. e4 e5 2. Nf3 Nc6 3. Bb5 a6 4. Ba4 Nf6 5. O-O Nxe4 6. d4 b5 7. Bb3 d5 8. dxe5
Be6 9. Nbd2 Nc5 10. c3 Nxb3 11. Nxb3 Be7 12. Nfd4 Qd7 13. Nxc6 Qxc6 14. Be3 O-O
15. f4 f5 16. Qd3 Qc4 17. Qd2 Qc6 18. Qf2 Rfe8 19. Bc5 Bd8 20. Na5 Qd7 21. b4
Qf7 22. Nb3 Bd7 23. Nd4 Be7 24. Rfe1 Bxc5 25. bxc5 Qg6 26. Qf3 Qf7 27. a4 bxa4
28. c6 Be6 29. Rxa4 h6 30. Ra5 Reb8 31. Qd3 Rb6 32. Rea1 Bc8 33. Qe2 Be6 34.
Rxa6 Raxa6 35. Rxa6 Rb1+ 36. Kf2 Qe7 37. g3 Rb8 38. Ra7 Kh7 39. Qa2 Rc8 40. Qa3
Qe8 41. Qa5 Qe7 42. Nxe6 Qxe6 43. Rxc7 1-0

[Event "26PCR_F"]
[Site "?"]
[Date "2012.10.29"]
[Round "?"]
[White "Benes, Jiri"]
[Black "Urban, Milos"]
[Result "1/2-1/2"]
[WhiteElo "2106"]
[BlackElo "2158"]
[PlyCount "58"]
[EventDate "2012.??.??"]
[EventType "corr"]
[EventRounds "2"]
[SourceDate "2010.08.23"]

1. c4 Nf6 2. Nc3 g6 3. e4 d6 4. d4 Bg7 5. Nf3 O-O 6. Be2 e5 7. dxe5 dxe5 8. O-O
Nc6 9. Bg5 Nd4 10. Nxe5 Ne6 11. Bh4 Qxd1 12. Raxd1 Nxe4 13. Nxe4 Bxe5 14. Be7
Nd4 15. Rfe1 Re8 16. Nf6+ Bxf6 17. Bxf6 Rxe2 18. Bxd4 Rxe1+ 19. Rxe1 Be6 20. b3
Rd8 21. Be3 b6 22. f3 Kg7 23. Bg5 Rd7 24. Kf2 c5 25. h4 h5 26. Kg3 Bf5 27. Be3
f6 28. Rc1 Rd3 29. Re1 Kf7 1/2-1/2

[Event "26PCR_F"]
[Site "?"]
[Date "2012.10.29"]
[Round "?"]
[White "Pavlicek, Miroslav"]
[Black "Smolka, Jan"]
[Result "1/2-1/2"]
[WhiteElo "2272"]
[BlackElo "2137"]
[PlyCount "62"]
[EventDate "2012.??.??"]
[EventType "corr"]
[EventRounds "2"]
[SourceDate "2010.08.23"]

1. e4 e5 2. Nf3 Nc6 3. Bb5 a6 4. Ba4 Nf6 5. O-O Be7 6. Re1 b5 7. Bb3 O-O 8. d4
d6 9. c3 Bg4 10. d5 Na5 11. Bc2 c6 12. h3 Bc8 13. dxc6 Nxc6 14. Nbd2 h6 15. Nf1
Be6 16. Ng3 Qc7 17. Nh4 b4 18. Nhf5 bxc3 19. bxc3 Rab8 20. Ba4 Na5 21. Bxh6
gxh6 22. Qd2 Bxf5 23. Nxf5 Nh7 24. Qxh6 Bf6 25. Rad1 Rbd8 26. Rd3 Kh8 27. Red1
Rg8 28. Nxd6 Rdf8 29. Qe3 Rg6 30. Qe2 Be7 31. Nf5 Bc5 1/2-1/2

[Event "26PCR_F"]
[Site "?"]
[Date "2012.10.29"]
[Round "?"]
[White "Stepan, Josef"]
[Black "Goc, Pavel"]
[Result "0-1"]
[WhiteElo "1871"]
[BlackElo "2118"]
[PlyCount "50"]
[EventDate "2012.??.??"]
[EventType "corr"]
[EventRounds "2"]
[SourceDate "2010.08.23"]

1. c4 e5 2. g3 Nf6 3. Bg2 Nc6 4. Nc3 Bc5 5. e4 O-O 6. Nge2 d6 7. O-O Be6 8. d3
h6 9. h3 Qd7 10. Kh2 a5 11. f4 exf4 12. Nxf4 Nd4 13. Nxe6 Qxe6 14. Nd5 Nxd5 15.
cxd5 Qd7 16. Rf4 Rae8 17. Rh4 f5 18. Be3 fxe4 19. dxe4 Nf5 20. exf5 Rxe3 21.
Be4 Qe7 22. Qg4 Qe5 23. Rf1 Qxb2+ 24. Bg2 Re2 25. Qf3 Rfe8 0-1

[Event "26PCR_F"]
[Site "?"]
[Date "2012.10.29"]
[Round "?"]
[White "Fejfar, Vlastimil"]
[Black "Chvojka, Jaroslav"]
[Result "1/2-1/2"]
[WhiteElo "2168"]
[BlackElo "2178"]
[PlyCount "114"]
[EventDate "2012.??.??"]
[EventType "corr"]
[EventRounds "2"]
[SourceDate "2010.08.23"]

1. e4 c6 2. c4 d5 3. exd5 Nf6 4. d4 cxd5 5. Nc3 Nc6 6. Nf3 Bg4 7. cxd5 Nxd5 8.
Qb3 Bxf3 9. gxf3 e6 10. Qxb7 Nxd4 11. Bb5+ Nxb5 12. Qc6+ Ke7 13. Qxb5 Nxc3 14.
Qc5+ Qd6 15. Qxc3 Qa6 16. Be3 Rc8 17. Qd4 Rc2 18. Qxa7+ Qxa7 19. Bxa7 Rxb2 20.
Bd4 Rc2 21. O-O Kd6 22. a4 Be7 23. a5 Ra8 24. Rfb1 Kd7 25. a6 Bf6 26. Bxf6 gxf6
27. Rb7+ Rc7 28. Rd1+ Kc8 29. Rb6 f5 30. Kg2 h5 31. Rbd6 Kb8 32. R1d3 Ka7 33.
Kh3 Rac8 34. Ra3 Rg8 35. Kh4 Rg2 36. h3 Rxf2 37. Rd4 Rfc2 38. Kxh5 Rg2 39. Kh6
Rg6+ 40. Kh5 Rg3 41. Kh6 Rxh3+ 42. Kg7 Rg3+ 43. Kf6 Rg6+ 44. Ke5 Rg1 45. Rb4
Rd1 46. f4 Rcd7 47. Rc4 Re1+ 48. Kf6 Rg1 49. Ke5 Rg2 50. Ra1 Rg6 51. Ra5 Rg3
52. Ra2 Rb3 53. Rca4 Re3+ 54. Kf6 Rg3 55. Ke5 Rc3 56. Kf6 Rc6 57. Ke5 Rcd6
1/2-1/2

[Event "26PCR_F"]
[Site "?"]
[Date "2012.10.29"]
[Round "?"]
[White "Chvojka, Jaroslav"]
[Black "Stepan, Josef"]
[Result "1-0"]
[WhiteElo "2178"]
[BlackElo "1871"]
[PlyCount "69"]
[EventDate "2012.??.??"]
[EventType "corr"]
[EventRounds "2"]
[SourceDate "2010.08.23"]

1. d4 d5 2. c4 e6 3. Nc3 Nf6 4. cxd5 exd5 5. Bg5 Be7 6. e3 c6 7. Bd3 Ne4 8.
Bxe7 Qxe7 9. Bxe4 dxe4 10. d5 Bf5 11. Nge2 O-O 12. Ng3 Bg6 13. h4 h6 14. d6 Qe6
15. h5 Bh7 16. Qd4 Re8 17. Rh4 f5 18. Nge2 Nd7 19. Rh1 Rad8 20. Nf4 Qf6 21. Rd1
Qxd4 22. Rxd4 Nf6 23. Ke2 Rd7 24. Rc1 Kf7 25. Na4 Rdd8 26. b4 Re5 27. Nc5 b6
28. Nb7 Rd7 29. Rxc6 Re8 30. Rc7 Rb8 31. Rdc4 Ke8 32. Rc8+ Rxc8 33. Rxc8+ Kf7
34. Nd8+ Kf8 35. Nde6+ 1-0

[Event "26PCR_F"]
[Site "?"]
[Date "2012.10.29"]
[Round "?"]
[White "Goc, Pavel"]
[Black "Pavlicek, Miroslav"]
[Result "0-1"]
[WhiteElo "2118"]
[BlackElo "2272"]
[PlyCount "72"]
[EventDate "2012.??.??"]
[EventType "corr"]
[EventRounds "2"]
[SourceDate "2010.08.23"]

1. e4 d6 2. d4 Nf6 3. Nc3 g6 4. f4 Bg7 5. Nf3 O-O 6. Bd3 Na6 7. O-O c5 8. d5
Bg4 9. h3 Bc8 10. Rb1 Nh5 11. Kh2 Nc7 12. Qe2 a6 13. Bd2 b5 14. g4 Nf6 15. b4
c4 16. Bxc4 bxc4 17. Qxc4 Bd7 18. a4 Rc8 19. Qd3 e6 20. dxe6 Nxe6 21. f5 Nf4
22. Qxa6 Rc6 23. Qa7 Rc4 24. Qe3 g5 25. Rb3 h6 26. b5 Re8 27. Re1 Nxe4 28. Nxe4
d5 29. Nd6 Rxe3 30. Rbxe3 Rxc2 31. Re8+ Bxe8 32. Rxe8+ Qxe8 33. Nxe8 Bc3 34.
Kg3 Bxd2 35. Nxd2 Rxd2 36. a5 Ra2 0-1

[Event "26PCR_F"]
[Site "?"]
[Date "2012.10.29"]
[Round "?"]
[White "Smolka, Jan"]
[Black "Slavik, Miroslav"]
[Result "1-0"]
[WhiteElo "2137"]
[BlackElo "2222"]
[PlyCount "103"]
[EventDate "2012.??.??"]
[EventType "corr"]
[EventRounds "2"]
[SourceDate "2010.08.23"]

1. d4 Nf6 2. Nf3 d5 3. e3 e6 4. Bd3 Bd6 5. Nbd2 Nbd7 6. O-O c5 7. c3 O-O 8. Re1
Qc7 9. e4 cxd4 10. cxd4 dxe4 11. Nxe4 Nxe4 12. Rxe4 Re8 13. Be3 Qa5 14. Rh4 h6
15. Nd2 Be7 16. Rg4 Nf6 17. Rg3 Kf8 18. Nc4 Qh5 19. Qc2 e5 20. Nxe5 Be6 21. Qc7
b6 22. Qb7 Reb8 23. Qa6 Rd8 24. Be2 Qh4 25. Bc4 Nd5 26. Qb7 Kg8 27. Rh3 Rab8
28. Qxa7 Ra8 29. Qb7 Rab8 30. Qxb8 Bxh3 31. Qa7 Be6 32. g3 Qf6 33. Nc6 Rd7 34.
Qb8+ Bf8 35. Ne5 Rd8 36. Qb7 Bc8 37. Qc6 Be6 38. Qb5 Rd6 39. Rc1 Qe7 40. a4 Qd8
41. Bb3 Nc7 42. Qd3 Nd5 43. Bc4 Be7 44. Qe4 Bf6 45. Bd2 Ne7 46. Bxe6 Rxe6 47.
Bb4 Nd5 48. Ba3 h5 49. Rc6 Rxc6 50. Nxc6 Qd7 51. Ne5 Qe6 52. Kg2 1-0

[Event "26PCR_F"]
[Site "?"]
[Date "2012.10.29"]
[Round "?"]
[White "Postl, Rostislav"]
[Black "Benes, Jiri"]
[Result "1-0"]
[WhiteElo "2277"]
[BlackElo "2106"]
[PlyCount "77"]
[EventDate "2012.??.??"]
[EventType "corr"]
[EventRounds "2"]
[SourceDate "2010.08.23"]

1. d4 Nf6 2. Bg5 h6 3. Bxf6 exf6 4. e3 d5 5. a3 Be6 6. c3 Bd6 7. Nd2 Nd7 8. c4
c6 9. c5 Bc7 10. Qc2 O-O 11. Bd3 Qe7 12. Ne2 Rfe8 13. O-O g6 14. b4 f5 15. a4
Nf6 16. b5 Bd7 17. Nf3 Ne4 18. Rfb1 Rab8 19. a5 cxb5 20. Bxb5 Bxb5 21. Rxb5 Qd7
22. Rab1 a6 23. R5b3 Qc6 24. Qa2 Kg7 25. Ne1 Qd7 26. Nd3 g5 27. R3b2 Red8 28.
f3 Nf6 29. f4 Qc8 30. Nc3 Kf8 31. Ne5 Kg7 32. Rb4 Ne4 33. Nxe4 fxe4 34. Qe2 Re8
35. Qh5 Bxe5 36. fxe5 Re6 37. h4 gxh4 38. Rb6 Rc6 39. Rf1 1-0

[Event "26PCR_F"]
[Site "?"]
[Date "2012.10.29"]
[Round "?"]
[White "Benes, Jiri"]
[Black "Smolka, Jan"]
[Result "0-1"]
[WhiteElo "2106"]
[BlackElo "2137"]
[PlyCount "74"]
[EventDate "2012.??.??"]
[EventType "corr"]
[EventRounds "2"]
[SourceDate "2010.08.23"]

1. c4 e5 2. Nc3 Bb4 3. e4 Bxc3 4. dxc3 d6 5. Nf3 Nf6 6. Bd3 O-O 7. O-O a5 8. c5
d5 9. Bc2 dxe4 10. Qxd8 Rxd8 11. Nxe5 Re8 12. Nc4 Be6 13. Na3 Na6 14. Be3 Rad8
15. Rfd1 Nd5 16. Bd4 f5 17. g3 c6 18. h3 Re7 19. Bb3 Ndc7 20. Nc2 Bxb3 21. axb3
Ne6 22. Rxa5 Naxc5 23. b4 Nd3 24. Be3 Rf8 25. Ne1 Nxb2 26. Rd4 Nxd4 27. Bxd4
Nd3 28. Kf1 f4 29. gxf4 Rxf4 30. Be3 Rf6 31. h4 Kf7 32. Nxd3 exd3 33. Ke1 Rf4
34. h5 Rh4 35. Kd2 Ke6 36. Kxd3 Rd7+ 37. Kc2 b5 0-1

[Event "26PCR_F"]
[Site "?"]
[Date "2012.10.29"]
[Round "?"]
[White "Slavik, Miroslav"]
[Black "Goc, Pavel"]
[Result "1-0"]
[WhiteElo "2222"]
[BlackElo "2118"]
[PlyCount "66"]
[EventDate "2012.??.??"]
[EventType "corr"]
[EventRounds "2"]
[SourceDate "2010.08.23"]

1. d4 Nf6 2. c4 e6 3. Nf3 Bb4+ 4. Nbd2 d5 5. e3 O-O 6. a3 Be7 7. Bd3 Nbd7 8.
O-O c5 9. cxd5 Nxd5 10. Qc2 h6 11. Nb3 b6 12. e4 N5f6 13. dxc5 Nxc5 14. Nxc5
Bxc5 15. b4 Be7 16. Qe2 Bb7 17. e5 Nd7 18. Be4 Bxe4 19. Qxe4 Rc8 20. Qg4 Kh8
21. Be3 Rc2 22. Qe4 Rc3 23. Bd2 Rc7 24. Rfd1 Qb8 25. Be3 Rd8 26. Nd4 Rc4 27. f4
a6 28. Qf3 Qc7 29. Rac1 Nb8 30. Rxc4 Qxc4 31. Qb7 Nd7 32. Kf2 Kh7 33. Rd2 Qc8
1-0

[Event "26PCR_F"]
[Site "?"]
[Date "2012.10.29"]
[Round "?"]
[White "Pavlicek, Miroslav"]
[Black "Chvojka, Jaroslav"]
[Result "1/2-1/2"]
[WhiteElo "2272"]
[BlackElo "2178"]
[PlyCount "55"]
[EventDate "2012.??.??"]
[EventType "corr"]
[EventRounds "2"]
[SourceDate "2010.08.23"]

1. e4 c6 2. d4 d5 3. exd5 cxd5 4. c4 Nf6 5. Nc3 Nc6 6. Bg5 dxc4 7. d5 Na5 8.
Bxc4 Nxc4 9. Qa4+ Bd7 10. Qxc4 h6 11. Bf4 e6 12. dxe6 Bxe6 13. Qb5+ Qd7 14.
Qxd7+ Bxd7 15. Nge2 Be7 16. O-O-O Rc8 17. Bd6 Bxd6 18. Rxd6 Be6 19. Kb1 Ke7 20.
Rd4 Bf5+ 21. Ka1 Rhd8 22. f3 a6 23. Re1 Be6 24. Red1 g5 25. b3 Rxd4 26. Rxd4
Rc6 27. h4 Rd6 28. hxg5 1/2-1/2

[Event "26PCR_F"]
[Site "?"]
[Date "2012.10.29"]
[Round "?"]
[White "Stepan, Josef"]
[Black "Fejfar, Vlastimil"]
[Result "0-1"]
[WhiteElo "1871"]
[BlackElo "2168"]
[PlyCount "76"]
[EventDate "2012.??.??"]
[EventType "corr"]
[EventRounds "2"]
[SourceDate "2010.08.23"]

1. c4 e5 2. g3 d6 3. Bg2 Nc6 4. Nc3 Be6 5. d3 Qd7 6. Nf3 Bh3 7. O-O Bxg2 8.
Kxg2 Be7 9. Rb1 Nf6 10. b4 O-O 11. Bg5 Ng4 12. Bxe7 Nxe7 13. d4 exd4 14. Nxd4
Ne5 15. Qb3 Rfe8 16. Nd5 c6 17. Nf4 Rad8 18. e3 c5 19. Nc2 g5 20. Nh5 Qf5 21.
f3 Qg6 22. g4 f5 23. h3 b6 24. Qc3 cxb4 25. Nxb4 Rc8 26. Qb3 Nxc4 27. Rbc1 b5
28. Ng3 f4 29. exf4 gxf4 30. Ne2 Nf5 31. Rfe1 Rxe2+ 32. Rxe2 Nd4 33. Qd1 Nxe2
34. Qxe2 Ne3+ 35. Qxe3 fxe3 36. Rxc8+ Kg7 37. Rc7+ Kh6 38. Rc1 a5 0-1

[Event "26PCR_F"]
[Site "?"]
[Date "2012.10.29"]
[Round "?"]
[White "Fejfar, Vlastimil"]
[Black "Pavlicek, Miroslav"]
[Result "0-1"]
[WhiteElo "2168"]
[BlackElo "2272"]
[PlyCount "58"]
[EventDate "2012.??.??"]
[EventType "corr"]
[EventRounds "2"]
[SourceDate "2010.08.23"]

1. e4 c5 2. Nf3 Nc6 3. Bc4 e6 4. O-O Nf6 5. Re1 Nxe4 6. Rxe4 d5 7. Bxd5 Qxd5 8.
Nc3 Qd8 9. d4 Be7 10. Bf4 cxd4 11. Nxd4 O-O 12. Nxc6 bxc6 13. Qf3 Qb6 14. Rb1
Rd8 15. Qg3 Rd7 16. Bh6 Bf8 17. Be3 c5 18. b4 Bb7 19. Rg4 f5 20. Rc4 e5 21.
Bxc5 Qe6 22. Rh4 Rd2 23. Qh3 h6 24. Rc1 Bxc5 25. bxc5 Rad8 26. Ra4 a5 27. Re1
Rxc2 28. Nb1 Qc6 29. Ra3 Rxc5 0-1

[Event "26PCR_F"]
[Site "?"]
[Date "2012.10.29"]
[Round "?"]
[White "Chvojka, Jaroslav"]
[Black "Slavik, Miroslav"]
[Result "1/2-1/2"]
[WhiteElo "2178"]
[BlackElo "2222"]
[PlyCount "96"]
[EventDate "2012.??.??"]
[EventType "corr"]
[EventRounds "2"]
[SourceDate "2010.08.23"]

1. d4 Nf6 2. Nf3 d5 3. Bf4 e6 4. e3 Bd6 5. Bd3 O-O 6. O-O Bxf4 7. exf4 Nh5 8.
g3 Nf6 9. Re1 b6 10. Nbd2 Ba6 11. Rc1 Bxd3 12. cxd3 a5 13. Qc2 Ra7 14. Re2 Ne8
15. Nh4 Nd6 16. Ndf3 a4 17. Qd2 Qd7 18. Ne5 Qb5 19. Kg2 Rd8 20. Qc3 Rc8 21.
Nhf3 c5 22. Qe1 Na6 23. dxc5 bxc5 24. a3 Rb7 25. Qd2 Nb8 26. h3 Nc6 27. Nxc6
Rxc6 28. Qe3 Rb8 29. Rec2 Rbc8 30. Qd2 R6c7 31. Qe2 Qb6 32. g4 c4 33. dxc4 Nxc4
34. g5 Qb5 35. Rc3 Qb7 36. Kg3 Rc6 37. Ne5 Nxe5 38. Qxe5 Rxc3+ 39. Rxc3 Rd8 40.
Rc7 Qb6 41. f5 d4 42. fxe6 Qxe6 43. Re7 Qxe5+ 44. Rxe5 d3 45. Re1 h6 46. gxh6
gxh6 47. Rd1 Kg7 48. Kf4 Kf6 1/2-1/2

[Event "26PCR_F"]
[Site "?"]
[Date "2012.10.29"]
[Round "?"]
[White "Goc, Pavel"]
[Black "Benes, Jiri"]
[Result "0-1"]
[WhiteElo "2118"]
[BlackElo "2106"]
[PlyCount "88"]
[EventDate "2012.??.??"]
[EventType "corr"]
[EventRounds "2"]
[SourceDate "2010.08.23"]

1. e4 c5 2. Nf3 d6 3. d4 cxd4 4. Qxd4 Nc6 5. Bb5 Qa5+ 6. Nc3 Qxb5 7. Nxb5 Nxd4
8. Nfxd4 Kd7 9. Be3 Nf6 10. f3 a6 11. Nc3 b5 12. Rd1 e5 13. Nb3 Kc7 14. O-O b4
15. Nd5+ Nxd5 16. Rxd5 Be7 17. Re1 Be6 18. Ra5 Rhb8 19. Kf2 Bd8 20. c3 Kd7 21.
Ra4 a5 22. Bd2 Ke7 23. cxb4 axb4 24. Rxa8 Rxa8 25. Rb1 Rxa2 26. Nc1 Ra4 27. b3
Ra6 28. Bxb4 Bb6+ 29. Ke2 f5 30. h3 fxe4 31. fxe4 Ra8 32. Nd3 Bd4 33. Kf3 Bd7
34. Rc1 Rb8 35. Rc7 Ke6 36. g4 Bb5 37. Nc1 Rf8+ 38. Kg3 Bf2+ 39. Kh2 Bf1 40.
Rxg7 Be3 41. Ba3 Ra8 42. Bb2 Rc8 43. Kg3 Rc2 44. Kf3 Bf4 0-1

[Event "26PCR_F"]
[Site "?"]
[Date "2012.10.29"]
[Round "?"]
[White "Postl, Rostislav"]
[Black "Urban, Milos"]
[Result "1/2-1/2"]
[WhiteElo "2277"]
[BlackElo "2158"]
[PlyCount "106"]
[EventDate "2012.??.??"]
[EventType "corr"]
[EventRounds "2"]
[SourceDate "2010.08.23"]

1. d4 d5 2. c4 c6 3. cxd5 cxd5 4. Nf3 Nf6 5. Nc3 Nc6 6. Bf4 Bf5 7. e3 e6 8. Qb3
Bb4 9. Bb5 O-O 10. Bxc6 Bxc3+ 11. Qxc3 Rc8 12. Ne5 Ng4 13. Nxg4 Bxg4 14. Qb4
Rxc6 15. Qxb7 Qc8 16. Qxc8 Rfxc8 17. O-O a5 18. f3 Bf5 19. h4 h5 20. b3 f6 21.
Rf2 a4 22. bxa4 Ra8 23. Bg3 Rxa4 24. Rb2 Ra3 25. Rb3 Rxb3 26. axb3 Rc3 27. b4
Rxe3 28. Ra8+ Kh7 29. Ra7 Rd3 30. b5 Rxd4 31. Bc7 e5 32. b6 Bc8 33. Bd8 Kg6 34.
b7 Bxb7 35. Rxb7 Rxh4 36. Rd7 Rd4 37. Kf1 Rd1+ 38. Ke2 Rg1 39. Kf2 Rd1 40. Be7
Kf5 41. Bf8 g5 42. Rd6 Rd2+ 43. Kf1 Kf4 44. Rxf6+ Kg3 45. Rf5 Rf2+ 46. Ke1 Rxg2
47. Bd6 g4 48. Bxe5+ Kh4 49. Bf6+ Kg3 50. fxg4 hxg4 51. Rxd5 Rc2 52. Rd3+ Kf4
53. Bh4 Rc1+ 1/2-1/2

[Event "26PCR_F"]
[Site "?"]
[Date "2012.10.29"]
[Round "?"]
[White "Urban, Milos"]
[Black "Smolka, Jan"]
[Result "1-0"]
[WhiteElo "2158"]
[BlackElo "2137"]
[PlyCount "69"]
[EventDate "2012.??.??"]
[EventType "corr"]
[EventRounds "2"]
[SourceDate "2010.08.23"]

1. e4 e5 2. Nf3 Nc6 3. Bb5 a6 4. Ba4 Nf6 5. O-O Be7 6. Re1 b5 7. Bb3 O-O 8. c3
d6 9. h3 Na5 10. Bc2 c5 11. d4 Qc7 12. Nbd2 cxd4 13. cxd4 Nc6 14. Nb3 a5 15.
Be3 a4 16. Nbd2 Bd7 17. Rc1 Rac8 18. b3 a3 19. Nf1 Qa5 20. Bd2 Qa7 21. d5 Nd4
22. Nxd4 Qxd4 23. Qe2 Rc7 24. Bd3 Rfc8 25. Qe3 Qb2 26. Rb1 Qxa2 27. Bb4 g6 28.
Re2 Rc2 29. Rxc2 Rxc2 30. Bxc2 Qxc2 31. Re1 Qb2 32. Re2 Qa1 33. Qc3 Qxc3 34.
Bxc3 Nh5 35. Ng3 1-0

[Event "26PCR_F"]
[Site "?"]
[Date "2012.10.29"]
[Round "?"]
[White "Benes, Jiri"]
[Black "Chvojka, Jaroslav"]
[Result "1/2-1/2"]
[WhiteElo "2106"]
[BlackElo "2178"]
[PlyCount "83"]
[EventDate "2012.??.??"]
[EventType "corr"]
[EventRounds "2"]
[SourceDate "2010.08.23"]

1. c4 Nf6 2. Nc3 e5 3. Nf3 Nc6 4. e4 Bb4 5. Be2 Bxc3 6. dxc3 Nxe4 7. Nxe5 Nxe5
8. Qd4 d6 9. Qxe4 O-O 10. O-O Re8 11. Re1 Bd7 12. Bf4 Bc6 13. Qd4 a5 14. Bg3
Qf6 15. Rad1 Qf5 16. f3 a4 17. b3 b6 18. b4 h5 19. a3 Rab8 20. Rd2 Re7 21. Bd1
Rbe8 22. Rde2 Re6 23. b5 Bb7 24. Kh1 Nd7 25. Rxe6 Rxe6 26. Rxe6 fxe6 27. Bxa4
e5 28. Qe3 Qb1+ 29. Qe1 Qa2 30. Qd1 Qb2 31. Bc2 Qxc3 32. a4 Nc5 33. Bf2 Qxc4
34. Bxc5 Qxc5 35. Qd3 e4 36. fxe4 Qg5 37. g3 Qe5 38. Kg2 Kf8 39. Kf3 g5 40. Ke3
h4 41. Qf1+ Ke7 42. gxh4 1/2-1/2

[Event "26PCR_F"]
[Site "?"]
[Date "2012.10.29"]
[Round "?"]
[White "Slavik, Miroslav"]
[Black "Fejfar, Vlastimil"]
[Result "1-0"]
[WhiteElo "2222"]
[BlackElo "2168"]
[PlyCount "77"]
[EventDate "2012.??.??"]
[EventType "corr"]
[EventRounds "2"]
[SourceDate "2010.08.23"]

1. d4 f5 2. Bg5 h6 3. Bf4 Nf6 4. Nc3 e6 5. e3 Bb4 6. Nge2 d5 7. a3 Ba5 8. b4
Bb6 9. Na4 Bd7 10. Nec3 O-O 11. Nxb6 axb6 12. Bd3 Nc6 13. O-O Ne7 14. Ne2 g5
15. Bg3 h5 16. h4 g4 17. Qe1 Kh7 18. Nf4 c6 19. a4 Ng6 20. Nxg6 Kxg6 21. Be5
Qe7 22. Bc7 Ne8 23. Bxb6 Qxh4 24. a5 Nf6 25. Bc7 Ne4 26. c4 Rac8 27. Be5 Ra8
28. b5 dxc4 29. Bxe4 fxe4 30. a6 b6 31. Qb1 Qg5 32. Qc2 cxb5 33. Qxe4+ Kf7 34.
a7 Rfc8 35. f4 Qe7 36. f5 Ke8 37. fxe6 Bxe6 38. Rf6 c3 39. Rh6 1-0

[Event "26PCR_F"]
[Site "?"]
[Date "2012.10.29"]
[Round "?"]
[White "Pavlicek, Miroslav"]
[Black "Stepan, Josef"]
[Result "1-0"]
[WhiteElo "2272"]
[BlackElo "1871"]
[PlyCount "43"]
[EventDate "2012.??.??"]
[EventType "corr"]
[EventRounds "2"]
[SourceDate "2010.08.23"]

1. e4 c6 2. d4 d5 3. e5 Bf5 4. Nc3 e6 5. g4 Bg6 6. Nge2 Ne7 7. f4 h5 8. f5 exf5
9. g5 c5 10. dxc5 Nec6 11. Be3 Nxe5 12. Qxd5 Qxd5 13. Nxd5 Na6 14. Nef4 O-O-O
15. Bxa6 bxa6 16. O-O-O h4 17. Nxg6 fxg6 18. Bf4 Nc6 19. b4 h3 20. Rhe1 Rd7 21.
Re6 Ne7 22. c6 1-0

[Event "26PCR_F"]
[Site "?"]
[Date "2012.10.29"]
[Round "?"]
[White "Stepan, Josef"]
[Black "Slavik, Miroslav"]
[Result "0-1"]
[WhiteElo "1871"]
[BlackElo "2222"]
[PlyCount "44"]
[EventDate "2012.??.??"]
[EventType "corr"]
[EventRounds "2"]
[SourceDate "2010.08.23"]

1. e4 c6 2. d4 d5 3. e5 Bf5 4. Nf3 e6 5. Be2 c5 6. Be3 Qb6 7. b3 Nc6 8. O-O
cxd4 9. Nxd4 Nxd4 10. Bxd4 Bc5 11. c3 Ne7 12. Bxc5 Qxc5 13. Qd4 Rc8 14. Qxc5
Rxc5 15. c4 dxc4 16. f4 c3 17. Na3 Nc6 18. Nc4 Ke7 19. Nd6 c2 20. Nxf5+ exf5
21. Bd3 Nd4 22. Rac1 Rc3 0-1